000
00321nam a22001337a 4500
008
170712b xxu||||| |||| 00| 0 eng d
020
_a
9781859580455
041
_a
eng
080
_a
038
100
_a
23
101
_a
FJA
245
_a
THE 811 DICTIONARY OF THE VULGAR TONGUE
_c
HARRISON.M
942
_2
udc
_c
BK
999
_c
20393
_d
20393